[Event "Stuttgarter Stadtmeisterschaft B-Turnier"]
[Site "Ditzingen"]
[Date "2009.05.21"]
[Round "3.50"]
[White "Witt, Holger"]
[Black "Matic, Marijo"]
[Result "0-1"]
[WhiteElo "1555"]
[BlackElo "1491"]
[PlyCount "90"]
[EventDate "2009.??.??"]

1. e4 e5 2. Nf3 Nf6 3. Nxe5 d6 4. Nf3 Nxe4 5. d3 Nf6 6. d4 Be7 7. Bd3 b6 8. O-O
O-O 9. Bg5 Bb7 10. Nbd2 Nbd7 11. Re1 Re8 12. c3 h6 13. Bh4 a6 14. Qc2 c5 15.
dxc5 Nxc5 16. Bxf6 Bxf6 17. Rxe8+ Qxe8 18. Re1 Qa4 19. h3 Re8 20. Rxe8+ Qxe8
21. Nc4 Qd8 22. Qe2 b5 23. Ncd2 Nxd3 24. Qxd3 Qe7 25. a3 Qe6 26. Kf1 g6 27. Qe2
Kg7 28. Qd3 Ba8 29. Qe2 Bb7 30. Qd3 Ba8 31. Qe2 Qd5 32. Qd1 Bc6 33. Qc2 Bb7 34.
Nb3 Qc4+ 35. Kg1 Be4 36. Qd1 Bxf3 37. gxf3 Qa4 38. Qd5 Be5 39. Kg2 Qf4 40. Nd2
Qh2+ 41. Kf1 Qxh3+ 42. Ke2 Qd7 43. Ne4 Qe7 44. Qc6 f5 45. Nd2 Bxc3+ 0-1

[Event "Stuttgarter Stadtmeisterschaft B-Turnier"]
[Site "Ditzingen"]
[Date "2009.05.21"]
[Round "3.51"]
[White "Brittschock-Schrall, Bärbel"]
[Black "Reiß, Michael"]
[Result "1-0"]
[WhiteElo "1542"]
[BlackElo "1358"]
[PlyCount "53"]
[EventDate "2009.??.??"]

1. d4 d5 2. Nf3 Nf6 3. g3 Bg4 4. Nbd2 e6 5. Bg2 Bd6 6. O-O O-O 7. b3 Nbd7 8. c4
c5 9. Bb2 Qc7 10. Rc1 Rac8 11. cxd5 Nxd5 12. dxc5 Nxc5 13. e4 Nb4 14. Ba3 Qa5
15. Nc4 Qa6 16. Bxb4 Rfd8 17. Nxd6 Rxd6 18. Qc2 Rdc6 19. Ne5 Be2 20. Nxc6 Rxc6
21. Bxc5 Bxf1 22. Bxf1 Qa5 23. b4 Qa3 24. Qd2 g6 25. Qd8+ Kg7 26. Bd4+ Kh6 27.
Qh4# 1-0

[Event "Stuttgarter Stadtmeisterschaft B-Turnier"]
[Site "Ditzingen"]
[Date "2009.05.21"]
[Round "3.52"]
[White "Steimbach, Isabel"]
[Black "Baumeister, Jürgen"]
[Result "0-1"]
[WhiteElo "1510"]
[BlackElo "1845"]
[PlyCount "52"]
[EventDate "2009.??.??"]

1. e4 Nf6 2. Nc3 d5 3. exd5 Nxd5 4. d4 Bf5 5. Bd2 Nb4 6. Bb5+ c6 7. Ba4 Qxd4 8.
Nf3 Qg4 9. O-O Nd7 10. a3 Nd5 11. Nxd5 cxd5 12. Ne5 Qxa4 13. Nxd7 Qxd7 14. Be3
e5 15. Re1 Be7 16. f4 exf4 17. Bxf4 O-O 18. Re5 d4 19. Qe2 Bf6 20. Rc5 Rac8 21.
Rxc8 Rxc8 22. c3 d3 23. Qf2 Re8 24. Be3 Bd8 25. Re1 Rxe3 26. Qxe3 Bb6 0-1

[Event "Stuttgarter Stadtmeisterschaft B-Turnier"]
[Site "Ditzingen"]
[Date "2009.05.21"]
[Round "3.53"]
[White "Grunow, Carmen"]
[Black "Trobonjaca, Milos"]
[Result "0-1"]
[WhiteElo "1486"]
[BlackElo "1665"]
[PlyCount "80"]
[EventDate "2009.??.??"]

1. e4 c5 2. Nf3 Nf6 3. Nc3 Nc6 4. Bb5 Nd4 5. d3 a6 6. Bc4 e6 7. Be3 b5 8. Bb3
Nxb3 9. cxb3 d6 10. Ne2 Be7 11. Rc1 O-O 12. O-O Bb7 13. Ng3 Rc8 14. Bg5 Nd7 15.
Bxe7 Qxe7 16. Re1 f6 17. d4 Rfe8 18. d5 g6 19. Qd2 Kg7 20. h4 h5 21. Nf5+ gxf5
22. exf5 e5 23. Re4 Rg8 24. Kh2 Kh7 25. Rg1 Rg4 26. Rxg4 hxg4 27. Ne1 Nb6 28.
Qd1 Rg8 29. f3 Qg7 30. fxg4 Qxg4 31. Qxg4 Rxg4 32. Kh3 Rg7 33. g4 Nxd5 34. g5
Bc8 35. g6+ Kh6 36. Rf1 Kh5 37. Ng2 Ne7 38. Ne3 Rxg6 39. Rf2 Rg8 40. Kh2 d5 0-1

[Event "Stuttgarter Stadtmeisterschaft B-Turnier"]
[Site "Ditzingen"]
[Date "2009.05.21"]
[Round "3.54"]
[White "Grözinger, Werner"]
[Black "Hartmann, Anatoli"]
[Result "0-1"]
[WhiteElo "1379"]
[BlackElo "1642"]
[PlyCount "83"]
[EventDate "2009.??.??"]

1. c4 e6 2. Nf3 c6 3. e3 Nf6 4. Be2 d5 5. cxd5 cxd5 6. Qc2 Nc6 7. a3 Bd7 8. b4
Rc8 9. Nc3 a6 10. O-O Be7 11. Bb2 O-O 12. Rac1 Na7 13. Qb1 Nb5 14. Nxb5 axb5
15. Nd4 Qb6 16. Qd3 Ne4 17. f3 Nd6 18. Nb3 Nc4 19. Qb1 f5 20. Bxc4 dxc4 21. Bd4
Qc6 22. Na5 Qd5 23. d3 cxd3 24. Qxd3 e5 25. e4 Qxd4+ 26. Qxd4 exd4 27. Rcd1 Bf6
28. Nxb7 fxe4 29. Nc5 Bf5 30. fxe4 Bg6 31. Rd3 Bg5 32. Rxf8+ Rxf8 33. Ne6 Be3+
34. Rxe3 dxe3 35. Nxf8 Kxf8 36. Kf1 Bxe4 37. Ke1 Kf7 38. g3 Bd3 39. g4 Ke6 40.
h4 Ke5 41. Kd1 Kf4 42. g5 0-1

[Event "Stuttgarter Stadtmeisterschaft B-Turnier"]
[Site "Ditzingen"]
[Date "2009.05.21"]
[Round "3.55"]
[White "Schmidt, Armin"]
[Black "Sigmund, Wolfgang"]
[Result "1-0"]
[WhiteElo "1585"]
[BlackElo "1484"]
[PlyCount "109"]
[EventDate "2009.??.??"]

1. e4 e5 2. Bc4 Nf6 3. Nf3 Nc6 4. Nc3 Bc5 5. Na4 Be7 6. Nc3 d6 7. d3 Be6 8.
Bxe6 fxe6 9. Bg5 O-O 10. Bh4 h6 11. Bxf6 Bxf6 12. Qe2 Nd4 13. Nxd4 exd4 14. Nb1
Qe8 15. Nd2 Qg6 16. g3 e5 17. O-O-O Bg5 18. h4 Bxd2+ 19. Rxd2 Qf7 20. Kb1 Qf3
21. Rh2 Rf7 22. Qxf3 Rxf3 23. Kc1 Raf8 24. Kd1 h5 25. Ke2 R8f7 26. Rd1 Kf8 27.
Rg1 c6 28. g4 hxg4 29. Rxg4 R3f4 30. Rg6 Ke7 31. h5 R4f6 32. Rhg2 Rxg6 33. Rxg6
Kd7 34. Rg3 Ke6 35. Rf3 Rf6 36. Rg3 Kf7 37. Rf3 Ke7 38. Rg3 Kf7 39. Kf1 Rh6 40.
Rg5 Rf6 41. Kg2 Rf4 42. Kg3 Rf6 43. f3 Rf4 44. Rf5+ Rxf5 45. exf5 d5 46. Kh4
Kf6 47. Kg4 b5 48. b4 Ke7 49. Kg5 Kf7 50. f6 gxf6+ 51. Kf5 Kg7 52. h6+ Kxh6 53.
Kxf6 e4 54. fxe4 dxe4 55. dxe4 1-0

[Event "Stuttgarter Stadtmeisterschaft B-Turnier"]
[Site "Ditzingen"]
[Date "2009.05.21"]
[Round "3.56"]
[White "Geilfuß, Alexander"]
[Black "Winterkorn, Nikolaus"]
[Result "1-0"]
[WhiteElo "1555"]
[BlackElo "1449"]
[PlyCount "95"]
[EventDate "2009.??.??"]

1. d4 Nf6 2. c4 c6 3. Nc3 e6 4. Nf3 d5 5. Bg5 Be7 6. e3 h6 7. Bxf6 Bxf6 8. cxd5
exd5 9. Qc2 O-O 10. Bd3 Bg4 11. Nd2 Re8 12. O-O Be6 13. Rac1 Nd7 14. Na4 Rc8
15. Nb3 Be7 16. Nac5 Nxc5 17. Nxc5 Rc7 18. Qa4 a6 19. Qb3 Qc8 20. Rc3 Bd6 21.
Rfc1 Qb8 22. Qb6 Rce7 23. g3 Rc7 24. Rb3 Bxc5 25. Rxc5 Qc8 26. Rbc3 Bh3 27. b4
Qg4 28. Rc1 Qd7 29. a4 Qd6 30. b5 axb5 31. axb5 Bd7 32. bxc6 Bxc6 33. Bb5 Rec8
34. Ba4 f5 35. Bb3 Ra8 36. Bxd5+ Kh8 37. Bxc6 Ra6 38. Qb1 Raxc6 39. Qxf5 b6 40.
Rxc6 Rxc6 41. Rxc6 Qxc6 42. d5 Qc5 43. Qe6 b5 44. d6 Qc6 45. Qe7 Qd5 46. e4
Qd1+ 47. Kg2 Qd3 48. d7 1-0

[Event "Stuttgarter Stadtmeisterschaft B-Turnier"]
[Site "Ditzingen"]
[Date "2009.05.21"]
[Round "3.57"]
[White "Spiegelberg, Silvia"]
[Black "Heilmeier, Tom"]
[Result "1-0"]
[WhiteElo "1553"]
[BlackElo "1342"]
[PlyCount "107"]
[EventDate "2009.??.??"]

1. e4 e6 2. d4 d5 3. Nd2 Nf6 4. Bd3 c5 5. c3 Nc6 6. Ngf3 Qb6 7. exd5 exd5 8.
Nb1 cxd4 9. cxd4 Bg4 10. Nc3 Nxd4 11. Qa4+ Nc6 12. Nxd5 Nxd5 13. Qxg4 Bb4+ 14.
Kf1 O-O 15. Bh6 g6 16. Bxf8 Rxf8 17. Qe4 Nf6 18. Qh4 Kg7 19. a3 Be7 20. b4 Rd8
21. Qc4 Ng4 22. Qxg4 Rxd3 23. g3 Qa6 24. Kg2 Rxa3 25. Rxa3 Qxa3 26. b5 Na5 27.
Qd4+ Bf6 28. Qxa7 Qb4 29. Qb6 Bc3 30. Rc1 h6 31. Rd1 Qe7 32. Qe3 Qb4 33. Ne5
Nc4 34. Nxc4 Qxc4 35. Rc1 Qd5+ 36. Qf3 Qxf3+ 37. Kxf3 Bd4 38. Rc7 b6 39. h3 h5
40. Ke2 Kf6 41. f3 Ke6 42. Kd3 Bf2 43. Rc2 Bg1 44. Ke4 f6 45. Rc6+ Ke7 46. Kd5
g5 47. Rc7+ Kd8 48. Rf7 Bf2 49. Rxf6 Bxg3 50. Rxb6 Kc7 51. Rg6 Bf4 52. b6+ Kb7
53. Kc5 h4 54. Rg7+ 1-0

[Event "Stuttgarter Stadtmeisterschaft B-Turnier"]
[Site "Ditzingen"]
[Date "2009.05.21"]
[Round "3.58"]
[White "Giugno, Carmelo"]
[Black "Langer, Helmut"]
[Result "0-1"]
[WhiteElo "1549"]
[BlackElo "1338"]
[PlyCount "140"]
[EventDate "2009.??.??"]

1. d4 Nf6 2. c4 e5 3. e3 exd4 4. exd4 d5 5. Nc3 h6 6. Nf3 Bb4 7. Be2 dxc4 8.
Bxc4 Qe7+ 9. Be2 O-O 10. O-O a6 11. Re1 Qd6 12. Bd2 Be6 13. Qc2 Nc6 14. a3 Ba5
15. b4 Bb6 16. Rad1 Ne7 17. Be3 Ned5 18. Ne4 Nxe4 19. Qxe4 Nc3 20. Qh4 Nxe2+
21. Rxe2 Bc4 22. Red2 f6 23. Bf4 Qe7 24. Qg3 Bd5 25. Re1 Qf7 26. Bxh6 Bxf3 27.
gxf3 Rfe8 28. Be3 Rad8 29. Red1 Rd5 30. f4 c6 31. Kh1 Red8 32. Qg4 f5 33. Qf3
Qf6 34. Qh5 g6 35. Qg5 Qg7 36. a4 R8d7 37. a5 Ba7 38. Kg2 Bb8 39. Kf3 Bd6 40.
Rb2 Be7 41. Qg3 Bf6 42. Rbd2 Kf7 43. h4 Bxd4 44. h5 Bc3 45. Qxg6+ Qxg6 46.
hxg6+ Kxg6 47. Rxd5 Rxd5 48. Rxd5 cxd5 49. Bc5 Bd2 50. Bd6 Kf6 51. Bc5 Ke6 52.
Bf8 Kd7 53. Bc5 Kc6 54. Ke2 Bxf4 55. Kd3 Be5 56. f3 Kb5 57. Be7 Bb2 58. Kc2 Be5
59. Bc5 Kc4 60. Kd2 Bc3+ 61. Ke3 Bxb4 62. Bxb4 Kxb4 63. Kd4 Kxa5 64. Kxd5 b5
65. Ke5 b4 66. Kxf5 b3 67. Ke6 b2 68. f4 b1=Q 69. f5 Qf1 70. f6 Kb4 0-1

[Event "Stuttgarter Stadtmeisterschaft B-Turnier"]
[Site "Ditzingen"]
[Date "2009.05.22"]
[Round "4.1"]
[White "Pocrnic, Josip"]
[Black "Lutz, Herbert"]
[Result "1/2-1/2"]
[WhiteElo "1823"]
[BlackElo "1893"]
[PlyCount "59"]
[EventDate "2009.??.??"]

1. e4 c5 2. Nf3 d6 3. d4 cxd4 4. Nxd4 Nf6 5. Nc3 g6 6. Be3 Bg7 7. Be2 O-O 8.
O-O Nc6 9. Qd2 Re8 10. Rad1 Bd7 11. f3 Ne5 12. Nd5 Nxd5 13. exd5 Qc7 14. b3 b6
15. a4 a6 16. c4 f5 17. Rfe1 Nf7 18. f4 Nd8 19. Bf3 Nb7 20. Ne6 Bxe6 21. dxe6
Rac8 22. Bd5 Nc5 23. Qb4 Rb8 24. Bf2 Rec8 25. Re2 Qd8 26. Qa3 Qe8 27. Qa2 a5
28. Qc2 Na6 29. Bf3 Bf6 30. Qd2 1/2-1/2

[Event "Stuttgarter Stadtmeisterschaft B-Turnier"]
[Site "Ditzingen"]
[Date "2009.05.22"]
[Round "4.2"]
[White "Hamm, Lukas"]
[Black "Faerber, Eric"]
[Result "1/2-1/2"]
[WhiteElo "1655"]
[BlackElo "1881"]
[PlyCount "36"]
[EventDate "2009.??.??"]

1. e4 c5 2. Nf3 d6 3. d4 cxd4 4. Nxd4 Nf6 5. Nc3 a6 6. Be2 e5 7. Nb3 Be7 8. O-O
O-O 9. Be3 Be6 10. f4 exf4 11. Bxf4 Nc6 12. Qe1 Nd7 13. Rd1 Nde5 14. Kh1 Nc4
15. Bc1 Bg5 16. Bxg5 Qxg5 17. Bxc4 Bxc4 18. Rf2 Qe7 1/2-1/2

[Event "Stuttgarter Stadtmeisterschaft B-Turnier"]
[Site "Ditzingen"]
[Date "2009.05.22"]
[Round "4.3"]
[White "Schnorr, Christian"]
[Black "Klaus, Michael"]
[Result "1/2-1/2"]
[WhiteElo "1766"]
[BlackElo "1897"]
[PlyCount "79"]
[EventDate "2009.??.??"]

1. e4 c5 2. Nf3 Nc6 3. d4 cxd4 4. Nxd4 d6 5. c4 g6 6. Nc3 Bg7 7. Be3 Bd7 8. Be2
Nf6 9. f3 a6 10. Qd2 Rb8 11. O-O Ne5 12. Rac1 O-O 13. Rc2 Rc8 14. Nd5 Nxd5 15.
cxd5 Rxc2 16. Qxc2 Qc8 17. Rc1 Qxc2 18. Rxc2 Rc8 19. Rxc8+ Bxc8 20. a4 Nd7 21.
b4 Nb6 22. a5 Na4 23. Kf1 Nc3 24. Bc4 Bd7 25. Ke1 Kf8 26. Kd2 Nb5 27. Nxb5 Bxb5
28. Bxb5 axb5 29. Kd3 Ke8 30. Bd4 Bxd4 31. Kxd4 f6 32. f4 Kf7 33. e5 Kg7 34.
exd6 exd6 35. Ke4 f5+ 36. Kf3 Kf6 37. h4 h6 38. g3 g5 39. h5 Kg7 40. Ke3
1/2-1/2

[Event "Stuttgarter Stadtmeisterschaft B-Turnier"]
[Site "Ditzingen"]
[Date "2009.05.22"]
[Round "4.4"]
[White "Zuferi, Enis"]
[Black "Baelz, Juergen"]
[Result "1-0"]
[WhiteElo "1888"]
[BlackElo "1776"]
[PlyCount "111"]
[EventDate "2009.??.??"]

1. d4 Nf6 2. c4 e6 3. g3 d5 4. Nf3 Be7 5. Bg2 O-O 6. O-O dxc4 7. Ne5 c5 8. e3
Qc7 9. Nd2 Nbd7 10. Ndxc4 Nxe5 11. Nxe5 cxd4 12. exd4 Rd8 13. Be3 Nd5 14. a3
Bf6 15. Rc1 Qe7 16. Qb3 Bxe5 17. dxe5 b6 18. Rc2 Bb7 19. Rfc1 h6 20. Rc4 Rd7
21. Rg4 Nxe3 22. Qxe3 Kh8 23. Bxb7 Rxb7 24. Rgc4 Rd8 25. Qe4 Rbd7 26. R1c3 Kg8
27. Kg2 Kh8 28. g4 Kg8 29. Kg3 g5 30. Qe3 Kg7 31. f4 Rd5 32. fxg5 Qxg5 33. Rc7
Qxe3+ 34. Rxe3 R8d7 35. Rec3 Rd2 36. Rxd7 Rxd7 37. h3 Kg6 38. b4 Rd1 39. Kh4
Rd7 40. Kg3 f5 41. exf6 Kxf6 42. Rf3+ Kg6 43. Kf4 Kf6 44. Ke4+ Ke7 45. Rc3 Kf6
46. Rc8 Rd1 47. Rh8 Ra1 48. Rxh6+ Kg5 49. Rxe6 Rxa3 50. Re5+ Kg6 51. h4 a5 52.
Re6+ Kg7 53. Rxb6 Ra4 54. Kf5 axb4 55. Rb7+ Kh6 56. g5+ 1-0

[Event "Stuttgarter Stadtmeisterschaft B-Turnier"]
[Site "Ditzingen"]
[Date "2009.05.22"]
[Round "4.5"]
[White "Lerner, Jürgen"]
[Black "Steiert, Roland"]
[Result "1-0"]
[WhiteElo "1874"]
[BlackElo "1735"]
[PlyCount "95"]
[EventDate "2009.??.??"]

1. d4 c5 2. d5 d6 3. c4 Nf6 4. Nc3 g6 5. Nf3 Bg7 6. e4 O-O 7. Be2 Re8 8. O-O e6
9. Re1 exd5 10. exd5 a6 11. a4 b6 12. h3 Ra7 13. Bf4 Nh5 14. Bh2 Rae7 15. Qd2
Qc7 16. Bd3 f5 17. Rxe7 Rxe7 18. Re1 h6 19. Nh4 Kh7 20. g4 Nf6 21. gxf5 g5 22.
Rxe7 Qxe7 23. Ng6 Qc7 24. Qe3 Bd7 25. Qe7 Qc8 26. Bxd6 Kg8 27. Qe5 Nh5 28. Ne7+
Kf7 29. Qxg7+ Nxg7 30. Nxc8 Bxc8 31. Bxb8 Nxf5 32. Bc7 Nd4 33. Kg2 Bb7 34. Bxb6
Ne6 35. Kh2 Nf4 36. Bf1 Bc8 37. Bxc5 Ng6 38. Bd4 Bf5 39. b4 Nh4 40. Be2 Bc2 41.
b5 Nf5 42. Be3 axb5 43. axb5 Ke8 44. b6 Kd8 45. c5 Bb3 46. c6 Nd6 47. Bc5 Bc4
48. Bxd6 1-0

[Event "Stuttgarter Stadtmeisterschaft B-Turnier"]
[Site "Ditzingen"]
[Date "2009.05.22"]
[Round "4.7"]
[White "Huynh, Nhi Lang"]
[Black "Hegel, Pius"]
[Result "1-0"]
[WhiteElo "1841"]
[BlackElo "1526"]
[PlyCount "65"]
[EventDate "2009.??.??"]

1. d4 d5 2. c4 e5 3. cxd5 Qxd5 4. e3 Nc6 5. Nc3 Bb4 6. Bd2 Bxc3 7. Bxc3 e4 8.
Ne2 Bg4 9. Qc2 Nf6 10. Nf4 Qd7 11. h3 Be6 12. Bb5 O-O 13. O-O a6 14. Ba4 b5 15.
Bb3 Bxb3 16. Qxb3 Ne7 17. Qc2 g5 18. d5 Nexd5 19. Nxd5 Nxd5 20. Rad1 Qe6 21.
Bd4 Rac8 22. Qc5 Rfd8 23. f3 f5 24. fxe4 Qxe4 25. Qc6 Rd6 26. Qb7 Rcd8 27. Bc5
Re6 28. Rd2 Rde8 29. Qxd5 Qe5 30. Rxf5 Qxd5 31. Rdxd5 h6 32. Rd7 Rc6 33. b4 1-0

[Event "Stuttgarter Stadtmeisterschaft B-Turnier"]
[Site "Ditzingen"]
[Date "2009.05.22"]
[Round "4.8"]
[White "Köller, Horst"]
[Black "Riegel, Frank"]
[Result "0-1"]
[WhiteElo "1603"]
[BlackElo "1811"]
[PlyCount "88"]
[EventDate "2009.??.??"]

1. e4 c5 2. Nf3 d6 3. d4 cxd4 4. Nxd4 Nf6 5. Nc3 a6 6. a4 e6 7. Bd3 Be7 8. O-O
O-O 9. Kh1 b6 10. f4 Qc7 11. Nce2 Bb7 12. Ng3 Nbd7 13. Nb3 Rfd8 14. Qe2 Rac8
15. Bd2 Nc5 16. Nxc5 Qxc5 17. Bc3 h5 18. Bxf6 Bxf6 19. Nxh5 Bxb2 20. Rab1 Bf6
21. Nxf6+ gxf6 22. f5 e5 23. Qh5 Kf8 24. c4 Ke7 25. Qf3 Bc6 26. Qf2 Rb8 27. Qc2
Qd4 28. Rfe1 Rdc8 29. c5 Bxa4 30. cxd6+ Kxd6 31. Qe2 b5 32. Rb2 Ke7 33. Rd2 Rd8
34. Rc1 Rbc8 35. Rxc8 Rxc8 36. h4 Rd8 37. h5 b4 38. h6 Bb5 39. h7 Rh8 40. Qh5
Bxd3 41. Qh6 Qxe4 42. Rxd3 Qxd3 43. Qg7 Qd1+ 44. Kh2 Qh5+ 0-1

[Event "Stuttgarter Stadtmeisterschaft B-Turnier"]
[Site "Ditzingen"]
[Date "2009.05.22"]
[Round "4.9"]
[White "Ostertag, Stephan"]
[Black "Reichardt, Bernd"]
[Result "0-1"]
[WhiteElo "1795"]
[BlackElo "1729"]
[PlyCount "114"]
[EventDate "2009.??.??"]

1. c4 e5 2. Nc3 Nf6 3. e3 Bb4 4. a3 Bxc3 5. bxc3 e4 6. Ne2 O-O 7. Qc2 Re8 8.
Nf4 Nc6 9. Be2 Na5 10. O-O c6 11. Bb2 b6 12. Rfd1 Ba6 13. d3 exd3 14. Bxd3 Bxc4
15. Bxc4 Nxc4 16. a4 Nxb2 17. Qxb2 Qc7 18. Rd3 Qe5 19. Rad1 g5 20. Ne2 d5 21.
Nd4 c5 22. Nf3 Qf5 23. Qb5 g4 24. Nh4 Qg5 25. g3 Rec8 26. Ng2 c4 27. Rd4 Rc5
28. Qb4 Re8 29. Nf4 Re4 30. Ne2 h5 31. Rxe4 Nxe4 32. Nf4 Qe5 33. Rd4 Ng5 34.
Qb1 Nf3+ 35. Kh1 Ra5 36. Rd1 h4 37. gxh4 Nxh4 38. Rg1 f5 39. h3 Nf3 40. Rg3 Qe4
41. Qxe4 dxe4 42. hxg4 Rxa4 43. gxf5+ Kf7 44. Nd5 Ra1+ 45. Kg2 Rg1+ 46. Kh3
Rh1+ 47. Kg2 Rd1 48. Nb4 a5 49. Na6 b5 50. Rg4 Rg1+ 51. Kh3 Rc1 52. Kg3 Nd2 53.
Nc7 b4 54. cxb4 axb4 55. f6 Rg1+ 56. Kf4 Rxg4+ 57. Kxg4 c3 0-1

[Event "Stuttgarter Stadtmeisterschaft B-Turnier"]
[Site "Ditzingen"]
[Date "2009.05.22"]
[Round "4.10"]
[White "Maisch, Julian"]
[Black "Schäfer-Siebert, Heiko"]
[Result "1/2-1/2"]
[WhiteElo "1757"]
[BlackElo "1899"]
[PlyCount "30"]
[EventDate "2009.??.??"]

1. e4 e5 2. Nf3 Nf6 3. Nc3 Bb4 4. Nd5 Nxd5 5. exd5 d6 6. c3 Bc5 7. d4 exd4 8.
Nxd4 O-O 9. Be3 Re8 10. Be2 Nd7 11. O-O Nf6 12. Nc2 Bxe3 13. Nxe3 Re5 14. Bf3
Bf5 15. Nxf5 Rxf5 1/2-1/2

[Event "Stuttgarter Stadtmeisterschaft B-Turnier"]
[Site "Ditzingen"]
[Date "2009.05.22"]
[Round "4.11"]
[White "Felser, Martin"]
[Black "Straub, Reiner"]
[Result "1-0"]
[WhiteElo "1894"]
[BlackElo "1736"]
[PlyCount "75"]
[EventDate "2009.??.??"]

1. Nf3 Nf6 2. c4 b6 3. g3 Bb7 4. Bg2 c5 5. Nc3 g6 6. O-O Bg7 7. d3 O-O 8. Bf4
h6 9. Rb1 Nc6 10. Ne5 Nh5 11. Nxc6 Bxc6 12. Bxc6 dxc6 13. Bd2 f5 14. Qc1 Kh7
15. f4 Nf6 16. h3 Re8 17. Rf3 e5 18. fxe5 Rxe5 19. Qf1 Re6 20. Re1 Nd7 21. Bc1
Ne5 22. Rf2 Qd7 23. Kh2 Rae8 24. Rd1 R8e7 25. Bd2 Nf7 26. Rg2 Bd4 27. Re1 b5
28. b3 Qc7 29. cxb5 Qa5 30. Rc1 Bxc3 31. Bxc3 Qxa2 32. e4 Qxb3 33. exf5 gxf5
34. Qxf5+ Kg8 35. Qg4+ Rg6 36. Qc8+ Kh7 37. Rf2 Qe6 38. Rxf7+ 1-0

[Event "Stuttgarter Stadtmeisterschaft B-Turnier"]
[Site "Ditzingen"]
[Date "2009.05.22"]
[Round "4.12"]
[White "Rieder, Josef"]
[Black "Zimmermann, Tobias"]
[Result "1/2-1/2"]
[WhiteElo "1879"]
[BlackElo "1729"]
[PlyCount "39"]
[EventDate "2009.??.??"]

1. e4 c5 2. Nf3 d6 3. d4 cxd4 4. Nxd4 Nf6 5. Nc3 a6 6. Be2 e6 7. a4 Qc7 8. O-O
b6 9. f4 Bb7 10. Bf3 Nbd7 11. Re1 Rd8 12. Qe2 e5 13. Nb3 Be7 14. Be3 exf4 15.
Bxf4 O-O 16. Nd5 Nxd5 17. exd5 Bf6 18. c3 Ne5 19. Bxe5 Bxe5 20. Qd3 1/2-1/2

[Event "Stuttgarter Stadtmeisterschaft B-Turnier"]
[Site "Ditzingen"]
[Date "2009.05.22"]
[Round "4.13"]
[White "Herdt, Wladimir"]
[Black "Wolff, Sidney Robert"]
[Result "0-1"]
[WhiteElo "1862"]
[BlackElo "1716"]
[PlyCount "72"]
[EventDate "2009.??.??"]

1. d4 f5 2. c4 Nf6 3. Nc3 e6 4. e3 b6 5. Nf3 Bb7 6. g3 Be7 7. Bg2 O-O 8. O-O
Ne4 9. Qc2 d6 10. Re1 Qe8 11. Nd2 d5 12. Nb5 Na6 13. Nxe4 dxe4 14. a3 c6 15.
Nc3 Qh5 16. Ne2 Bd6 17. b4 c5 18. bxc5 bxc5 19. Bb2 Qe8 20. Qc3 Rf7 21. Nf4
cxd4 22. Qxd4 Rd8 23. Qc3 Nc5 24. Qc2 Bxf4 25. exf4 Nd3 26. Re3 Rfd7 27. Bc3
Ba6 28. Bb4 Nxb4 29. axb4 Rd2 30. Qb3 R2d4 31. Rxa6 Rd1+ 32. Bf1 Rc1 33. Kg2
Rdd1 34. Be2 Rg1+ 35. Kh3 Qg6 36. Kh4 Qf6+ 0-1

[Event "Stuttgarter Stadtmeisterschaft B-Turnier"]
[Site "Ditzingen"]
[Date "2009.05.22"]
[Round "4.14"]
[White "Kvetny, Mark"]
[Black "Marx, Alexander"]
[Result "1-0"]
[WhiteElo "1858"]
[BlackElo "1701"]
[PlyCount "39"]
[EventDate "2009.??.??"]

1. d4 d5 2. c4 e6 3. Nc3 Nf6 4. cxd5 Nxd5 5. Nf3 c6 6. e4 Nxc3 7. bxc3 Nd7 8.
Bd3 c5 9. d5 Nf6 10. Bg5 exd5 11. e5 h6 12. exf6 hxg5 13. Bb5+ Bd7 14. Qe2+ Be7
15. Bxd7+ Kxd7 16. fxe7 Qxe7 17. Qxe7+ Kxe7 18. O-O-O g4 19. Ne5 f5 20. Ng6+
1-0

[Event "Stuttgarter Stadtmeisterschaft B-Turnier"]
[Site "Ditzingen"]
[Date "2009.05.22"]
[Round "4.15"]
[White "Helfrich, Leo"]
[Black "Ellinger, Harald"]
[Result "1/2-1/2"]
[WhiteElo "1701"]
[BlackElo "1854"]
[PlyCount "102"]
[EventDate "2009.??.??"]

1. d4 d5 2. Nf3 e6 3. Bf4 Bd6 4. Ne5 f6 5. Nd3 Bxf4 6. Nxf4 Ne7 7. e3 O-O 8.
Bd3 g6 9. c3 e5 10. Ne2 e4 11. Bc2 Bg4 12. h3 Bxe2 13. Qxe2 c6 14. Nd2 f5 15.
O-O-O Nd7 16. Bb3 b5 17. g4 Kg7 18. f4 a5 19. gxf5 Nxf5 20. h4 Ng3 21. Qg4 Nxh1
22. Rxh1 Nf6 23. Qg2 Kh8 24. Bd1 Ra7 25. Qg5 Rg7 26. Nb3 a4 27. Nc5 Qe7 28. Qg3
Nd7 29. Nxd7 Qxd7 30. a3 Qe7 31. Rg1 c5 32. Qg5 Qxg5 33. Rxg5 Rf5 34. dxc5 Rxg5
35. hxg5 Rc7 36. b4 axb3 37. Kb2 Rxc5 38. Kxb3 Kg7 39. Be2 h6 40. gxh6+ Kxh6
41. Kb4 Rc7 42. Bxb5 g5 43. c4 gxf4 44. cxd5 f3 45. d6 Rb7 46. d7 Rxb5+ 47.
Kxb5 f2 48. d8=Q f1=Q+ 49. Kb4 Qb1+ 50. Ka5 Qd3 51. Qb6+ Kh5 1/2-1/2

[Event "Stuttgarter Stadtmeisterschaft B-Turnier"]
[Site "Ditzingen"]
[Date "2009.05.22"]
[Round "4.16"]
[White "Werner, Stefan"]
[Black "Jantos, Stefan"]
[Result "1/2-1/2"]
[WhiteElo "1695"]
[BlackElo "1840"]
[PlyCount "153"]
[EventDate "2009.??.??"]

1. e4 d5 2. exd5 Nf6 3. c4 c6 4. dxc6 Nxc6 5. Nf3 e5 6. d3 Bc5 7. Be3 Bxe3 8.
fxe3 Qb6 9. Qd2 Bf5 10. e4 Bg4 11. Nc3 Bxf3 12. gxf3 Nd4 13. Bg2 O-O-O 14.
O-O-O Nh5 15. Ne2 Nxe2+ 16. Qxe2 Nf4 17. Qc2 Qe3+ 18. Kb1 Nxd3 19. Qc3 Qd4 20.
Kc2 Qxc3+ 21. Kxc3 Nf4 22. Rxd8+ Rxd8 23. Bf1 Kc7 24. Kc2 Kc6 25. h4 Rd6 26.
Bh3 g6 27. Bf1 Kc5 28. Rh2 Ne6 29. Rf2 h6 30. b3 g5 31. h5 Nd4+ 32. Kc3 Rf6 33.
b4+ Kc6 34. Bh3 Rxf3+ 35. Rxf3 Nxf3 36. Bf5 Nd4 37. Bg4 b6 38. Kd3 a5 39. a3
axb4 40. axb4 Kd6 41. Kc3 Nc6 42. Be2 Ne7 43. Bg4 Ng8 44. Kd3 Nf6 45. Be2 g4
46. Ke3 Kc6 47. Bd1 Nxh5 48. Bxg4 Nf4 49. Bd1 Kd6 50. Bc2 Ne6 51. Bd1 Nd4 52.
Kd3 Ke6 53. c5 bxc5 54. bxc5 f5 55. exf5+ Kxf5 56. Ba4 Ke6 57. Ke4 h5 58. Bd1
h4 59. Bg4+ Kf6 60. Kd5 Kg5 61. Kxe5 Nc6+ 62. Kd6 Kxg4 63. Kxc6 h3 64. Kd7 h2
65. c6 h1=Q 66. c7 Qd5+ 67. Ke7 Qc6 68. Kd8 Qd6+ 69. Kc8 Kf5 70. Kb7 Qd7 71.
Kb8 Qb5+ 72. Ka8 Qc6+ 73. Kb8 Qb6+ 74. Ka8 Qc6+ 75. Kb8 Qd6 76. Kb7 Qd7 77. Kb8
1/2-1/2

[Event "Stuttgarter Stadtmeisterschaft B-Turnier"]
[Site "Ditzingen"]
[Date "2009.05.22"]
[Round "4.17"]
[White "Yildiz, Serkan"]
[Black "Gibicar, Danijel"]
[Result "0-1"]
[WhiteElo "1707"]
[BlackElo "1829"]
[PlyCount "72"]
[EventDate "2009.??.??"]

1. e4 e6 2. d4 d5 3. Nd2 Nf6 4. exd5 exd5 5. Ngf3 Bf5 6. Be2 Bd6 7. O-O O-O 8.
Ne5 Nbd7 9. Ndf3 Re8 10. Bf4 Nh5 11. Be3 Nhf6 12. Nxd7 Qxd7 13. Nh4 Bg6 14.
Nxg6 hxg6 15. c4 c6 16. cxd5 Nxd5 17. Bc4 Nb6 18. Bb3 Rad8 19. Qf3 Qf5 20. Qxf5
gxf5 21. g3 Bc7 22. Rad1 Nd5 23. Bxd5 Rxd5 24. b4 Re4 25. Rd2 f6 26. Rd3 Bb6
27. Rfd1 g5 28. Kg2 Kf7 29. f3 Re7 30. Kf2 Red7 31. a3 a5 32. R1d2 axb4 33.
axb4 Rb5 34. Rb2 f4 35. gxf4 gxf4 36. Bxf4 Rxd4 0-1

[Event "Stuttgarter Stadtmeisterschaft B-Turnier"]
[Site "Ditzingen"]
[Date "2009.05.22"]
[Round "4.18"]
[White "Stadler, Marcus"]
[Black "Ziegler, Michael"]
[Result "1-0"]
[WhiteElo "1828"]
[BlackElo "1700"]
[PlyCount "77"]
[EventDate "2009.??.??"]

1. e4 c5 2. Nf3 d6 3. d4 cxd4 4. Nxd4 Nf6 5. Nc3 g6 6. Bc4 Bg7 7. Be3 O-O 8. f3
Bd7 9. Qd2 Nc6 10. Nxc6 Bxc6 11. O-O b6 12. Rad1 Qd7 13. Bb3 Rac8 14. Bh6 Ne8
15. Bxg7 Nxg7 16. f4 Bb5 17. Nxb5 Qxb5 18. f5 Qc5+ 19. Kh1 Qe5 20. fxg6 hxg6
21. Qe3 Qxb2 22. Qg5 Rc7 23. Rb1 Qe5 24. Qxg6 e6 25. Qg4 Rc3 26. Rf4 Qh5 27.
Qxh5 Nxh5 28. Rg4+ Ng7 29. Rd1 Re3 30. h4 Rd8 31. Kg1 Rc3 32. Rf1 b5 33. h5 Kf8
34. h6 Nh5 35. h7 Ke7 36. Rg8 Rcc8 37. h8=Q Rxg8 38. Qxh5 Rg6 39. Qxb5 1-0

[Event "Stuttgarter Stadtmeisterschaft B-Turnier"]
[Site "Ditzingen"]
[Date "2009.05.22"]
[Round "4.19"]
[White "Fuss, Thomas"]
[Black "Hengster, Wolfgang"]
[Result "0-1"]
[WhiteElo "1819"]
[BlackElo "1628"]
[PlyCount "54"]
[EventDate "2009.??.??"]

1. d4 Nf6 2. c4 g6 3. Nc3 Bg7 4. e4 d6 5. f4 O-O 6. Nf3 Bg4 7. Be2 Nbd7 8. Be3
c6 9. O-O Bxf3 10. Bxf3 e5 11. fxe5 dxe5 12. d5 cxd5 13. cxd5 b6 14. Rc1 Rc8
15. Qe2 Ne8 16. Bg4 Nd6 17. Qd3 Nc5 18. Qb1 Rc7 19. b4 Nd7 20. Qd3 Nf6 21. Bf3
Qd7 22. Bd1 b5 23. Bc5 Rfc8 24. Bxd6 Qxd6 25. Nxb5 Qb6+ 26. Rc5 Rxc5 27. bxc5
Rxc5 0-1